• 首页
  • 本馆介绍
  • 公告通知
  • 最新文献
  • 馆藏检索
  • 电子资源
  • 读者导购
  • 参考咨询
  • 我的图书馆
  • 登录
  • 详细信息显示
  • 放入我的书架
  • 预约/预借图书
  • 作者相关作品
  • 分类相关作品
  • 丛书相关作品
  • 出版社相关作品

书目信息

  • 表格格式
  • 工作单格式
  • 卡片格式
题名:
中国古代体育与健身
    
 
作者: 徐潜 主编 ;王晓磊 , 孔妍 编著
分册:  
出版信息: 长春   吉林文史出版社  2018
页数: 204页
开本: 24cm
丛书名: 多姿多彩的风土人情
单 册:
中图分类: G812.92-49
科图分类:
主题词: 古代体育--gu dai ti yu--体育锻炼--中国--通俗读物
电子资源:
ISBN: 978-7-5472-1518-0
000 01155cam 2200313 45
001 012001005018
005 20140101144432.0
010    @a978-7-5472-1518-0@dCNY33.80
099    @aCAL 012014054859@aCAL 012014055912
100    @a20140317d2014 em y0chiy50 ea
101 0  @achi
102    @aCN@b220000
105    @aa z 000yy
106    @ar
200 1  @a中国古代体育与健身@Azhong guo gu dai ti yu yu jian shen@f徐潜主编@g王晓磊, 孔妍编著
210    @a长春@c吉林文史出版社@d2018
215    @a204页@c图@d24cm
225 2  @a多姿多彩的风土人情@Aduo zi duo cai de feng tu ren qing
330    @a本书展示了历史悠久和灿烂辉煌的中国文化,介绍了中国古代的体育与健身,内容包括:中国气功、中华武术、古代杂技、古代舞蹈的形式与发展、舞龙舞狮。
333    @a中华文化爱好者,青年读者及相关读者。
410  0 @12001@a多姿多彩的风土人情
461  0 @12001 @a多姿多彩的风土人情
606 0  @a古代体育@Agu dai ti yu@x体育锻炼@y中国@j通俗读物
690    @aG812.92-49@v5
701  0 @a徐潜@Axu qian@4主编
702  0 @a王晓磊@Awang xiao lei@4编著
702  0 @a孔妍@Akong yan@4编著
801    @b江苏凤凰@c20191020
905    @b1224720-3@dG812.92-49@e145@f4
    
    中国古代体育与健身/徐潜主编/王晓磊, 孔妍编著.-长春:吉林文史出版社,2018
    204页:图;24cm.-(多姿多彩的风土人情)
    使用对象:中华文化爱好者,青年读者及相关读者。
    
    ISBN 978-7-5472-1518-0:CNY33.80
    本书展示了历史悠久和灿烂辉煌的中国文化,介绍了中国古代的体育与健身,内容包括:中国气功、中华武术、古代杂技、古代舞蹈的形式与发展、舞龙舞狮。
●
相关链接 在E读中查询图书 在五车中查询图书 在当当中查询图书 在豆瓣中查询图书


正题名:中国古代体育与健身     索取号:G812.92-49/145         预约/预借

序号 登录号 条形码 馆藏地/架位号 状态 备注
1 1224720   212247200   第一样本阅览室/ [索取号:G812.92-49/145] 在馆    
2 1224721   212247219   教育系资料室/ [索取号:G812.92-49/145] 在馆    
3 1224722   212247228   教育系资料室/ [索取号:G812.92-49/145] 在馆    
4 1224723   212247237   第四借阅区/ [索取号:G812.92-49/145] 在馆    
唐山师范学院图书馆 欢迎您!
大连网信软件有限公司© 版权所有